000 00772cam a2200241 a 4500
005 20131029062712.0
008 090417s2008 rb a b 000 0 alb
020 _a9789951527002
041 _aalb
080 _a327.5
_x(075.9)
100 1 _aGashi, Bejtush.
245 1 0 _aKonfliktet ndërkombëtare dhe ndëretnike /
_cBejtush Gashi, Pjetër Hidri.
260 _aPrishtinë :
_bInstituti për Studime të Sigurisë dhe Integrimeve (ISSI) "Katana",
_c2008.
300 _a267 p. :
_bill. ;
_c24 cm.
500 _aParathënie : f. 11-12
504 _aBibliografia (f. 263-267).
650 0 _aLufta
650 0 _aMenaxhimi i konflikteve
650 0 _aMarrëdhënie ndërkombëtare
650 0 _aKonflikte etnike
700 1 _aHidri, Pjetër,
_d1956-
942 _2udc
_cBK
999 _c195
_d195